000 00690nam a2200205 a 4500
001 15242
003 CO-ViMGA
008 141112s2004 ck r 000 u spa d
020 _a9586351262
040 _aCO-ViMGA
_bspa
_cCO-ViMGA
082 0 4 _a347.7 L315d
100 1 _aLeal Perez, Hildebrando
_94139
245 1 0 _aDerecho Comercial Aplicado :
_bTomo I
260 _aBogotá,
_cLibreria del Profesional,
_c1990
300 _a590.p.
505 _aEstructura de los procesos mercantiles Actuación judicial en materia comercial Formas de contrato y polizas de seguros
590 _aForma de adquisición : Donación - - Precio :
_10.000
650 1 4 _aDERECHO COMERCIAL
942 _2ddc
_cBK
999 _c25608
_d25608